00725nam a22002177a 4500001001300000003000900013005001700022007000300039008003400042040005400076041001000130072000800140100002300148110006600171245010700237260003400344300001100378500006900389650002400458650002500482BR2017002260BR-BrBNA20230928105130.0ta230509b bl.||||| |||| 00| 0 por d aBR-BrBNAbporcBiblioteca Nacional de Agricultura a(Por) aU101 aGonzález, G.G.H.1 aUniversidade Federal de Lavras, MG (Brasil)0Tese (Doutorado)1 aDimensionamento de parcelas experimentais: proposição de método de estimação e aplicação3 aLavras, MG (Brasil): c2016.  a111 p. aSummaries (Eng, Por); Several bibliography; 21 tables; 13 illus. aMODELO MATEMÁTICO aPARCELA EXPERIMENTAL